Statistics for Countries of Europe in Official Languages Map

Click here to take the quiz!

General Stats

  • This quiz has been taken 75 times
  • The average score is 26 of 45

Answer Stats

Country % Correct
Italia
95%
United Kingdom
93%
Éire
91%
France
90%
España
88%
Deutschland
88%
Portugal
79%
San Marino
79%
Suomi
78%
Monaco
76%
Liechtenstein
76%
Nederland
74%
Malta
74%
Lëtzebuerg
74%
Andorra
74%
België
72%
Ísland
71%
Polska
71%
Österreich
71%
Schweiz
69%
România
64%
Sverige
62%
Danmark
62%
Moldova
62%
Norge
62%
Kosova
57%
Hrvatska
57%
Ελλάς (Hellas)
55%
Беларусь (Bielaruś)
53%
Eesti
45%
Россия (Rossiya)
43%
Україна (Ukraїna)
43%
Slovenija
40%
Lietuva
38%
Црна Гора (Crna Gora)
33%
Latvija
33%
Slovensko
29%
Shqipëria
28%
Magyarország
28%
Česká republika
28%
Civitas Vaticana
28%
Србија (Srbija)
26%
България
(Bulgariya)
26%
Босна и Херцеговина
(Bosna i Hercegovina)
21%
Северна Македонија
(Severna Makedonija)
12%

Score Distribution

Percentile by Number Answered

Percent of People with Each Score

Your Score History

You have not taken this quiz